书目信息 |
| 题名: |
图说生姜高效栽培
|
|
| 作者: | 彭长江 主编 | |
| 分册: | ||
| 出版信息: | 北京 机械工业出版社 2021.1 |
|
| 页数: | 138页 | |
| 开本: | 21cm | |
| 丛书名: | ||
| 单 册: | ||
| 中图分类: | S632.5 | |
| 科图分类: | ||
| 主题词: | 姜--蔬菜园艺 | |
| 电子资源: | ||
| ISBN: | 978-7-111-57310-4 | |
| 000 | 00862nam0 2200241 45 | |
| 001 | 012001002086 | |
| 005 | 20140913103014.0 | |
| 010 | @a978-7-111-57310-4@dCNY29.80 | |
| 100 | @a20171024d2017 em y0chiy50 ea | |
| 101 | 0 | @achi |
| 102 | @aCN@b110000 | |
| 105 | @aa z 000yy | |
| 106 | @ar | |
| 200 | 1 | @a图说生姜高效栽培@Atu shuo sheng jiang gao xiao zai pei@b专著@f彭长江主编 |
| 210 | @a北京@c机械工业出版社@d2021.1 | |
| 215 | @a138页@c彩照@d21cm | |
| 300 | @a图说高效栽培直通车 全彩版 | |
| 330 | @a本书内容包括生姜概述、生姜类型和品种、生姜播前准备、生姜露地栽培、生姜大棚栽培、姜芽栽培、生姜病虫害防治、克服生姜连作障碍、生姜储藏等技术,并提供了知名生姜产业高效栽培实例。 | |
| 606 | 0 | @a姜@x蔬菜园艺 |
| 690 | @aS632.5@v5 | |
| 701 | 0 | @a彭长江@Apeng chang jiang@f(1956~)@4主编 |
| 801 | 0 | @aCN@bBJSDL@c20211011 |
| 905 | @b1338384-7@dS632.5@e676@f4 | |
| 图说生姜高效栽培/彭长江主编.-北京:机械工业出版社,2021.1 |
| 138页:彩照;21cm |
| 图说高效栽培直通车 全彩版 |
| ISBN 978-7-111-57310-4:CNY29.80 |
| 本书内容包括生姜概述、生姜类型和品种、生姜播前准备、生姜露地栽培、生姜大棚栽培、姜芽栽培、生姜病虫害防治、克服生姜连作障碍、生姜储藏等技术,并提供了知名生姜产业高效栽培实例。 |
| ● |
| 相关链接 |
|
|
|
|
正题名:图说生姜高效栽培
索取号:S632.5/676
 
预约/预借
| 序号 | 登录号 | 条形码 | 馆藏地/架位号 | 状态 | 备注 |
| 1 | 1338384 | 213383845 | 第二样本阅览室/ [索取号:S632.5/676] | 在馆 | |
| 2 | 1338385 | 213383854 | 第三借阅区/ [索取号:S632.5/676] | 在馆 | |
| 3 | 1338386 | 213383863 | 第三借阅区/ [索取号:S632.5/676] | 在馆 | |
| 4 | 1338387 | 213383872 | 第三借阅区/ [索取号:S632.5/676] | 在馆 |